| 000 | 00711nam a2200193Ia 4500 | ||
|---|---|---|---|
| 003 | OSt | ||
| 005 | 20251105114043.0 | ||
| 008 | 210210b2002 xxu||||| |||| 00| 0 eng d | ||
| 040 | _cAL | ||
| 041 | _aKannada | ||
| 082 | _aK894.1 JAYN | ||
| 100 |
_aJAYAPPA ( M C) _9139243 _dಜಯಪ್ಪ (ಎಂ ಸಿ) |
||
| 245 |
_aNakshatragale nivu yaru? _bNisarga gitegalu mattu bhavagitegala sankalana _cನಕ್ಷತ್ರಗಳೇ ನೀವು ಯಾರು? ನಿಸರ್ಗ ಗೀತೆಗಳು ಮತ್ತು ಭಗವದ್ಗೀತೆಗಳ ಸಂಕಲನ |
||
| 260 |
_aKodagu _bPurnima Prakashana _c2002 |
||
| 300 | _aviii,66 | ||
| 690 |
_aKannada Poetry _9139244 |
||
| 906 | _a061989 | ||
| 942 |
_2ddc _cBK |
||
| 999 |
_c115828 _d115828 |
||